| 000 | 00485nam a2200133Ia 4500 | ||
|---|---|---|---|
| 008 | 171207s9999 xx 000 0 und d | ||
| 100 | _aHenderson, Linda | ||
| 245 | _a‘Someone had to have faith in them as professionals’: an evaluation of an action research project to develop educational leadership across the early years | ||
| 245 | _cLinda Henderson | ||
| 260 | _c2017 | ||
| 300 | _apages 387-401, 2017 | ||
| 440 |
_aEducational Action Research _v25:3 |
||
| 650 | _aEDUCATION | ||
| 999 |
_c347678 _d347678 |
||